000 00682nam a22002177a 4500
005 20251108164400.0
008 250721s1999 xx 000 0 ara d
082 1 4 _a413.1109/بدر
100 1 _aالبدري، نعيم سلمان غالي
245 1 0 _aكتاب العين في ضوء النقد اللغوي /
264 1 _aعمان :
_bدار اسامة للنشر والتوزيع،
_c1999.
300 _a272ص
650 1 7 _aعلم المعاجم
650 1 7 _aالنقد اللغوي
650 1 7 _aاللغات
650 1 7 _aمعاجم المفردات
650 1 7 _aعلم الدلالة
650 1 7 _aعلم المصطلح
942 _2ddc
_cBK
999 _c10787
_d10787